000 00292nam a22001217a 4500
008 180222b xxu||||| |||| 00| 0 eng d
041 _aeng
080 _a32
100 _a19
101 _aPOL
245 _aPerspectives on galbraith conversations and opinions
_cPratson,F.J
942 _2udc
_cBK
999 _c43138
_d43138